| 000 | 00503nam a2200205Ia 4500 | ||
|---|---|---|---|
| 005 | 20140403083904.0 | ||
| 008 | 140130s9999 xx 000 0 und d | ||
| 020 | _a9780545052658 | ||
| 050 |
_aPZ 7 _b.P61464 2010 |
||
| 100 |
_aPierce, Tamora _919642 |
||
| 245 |
_cTamora Pierce. _aMelting stones / |
||
| 260 |
_bScholastic, _c2008 _aNew York : |
||
| 300 |
_a312 p. : _c18 cm. |
||
| 440 |
_v1 _930959 |
||
| 521 | _aG3 | ||
| 526 | _c590 | ||
| 942 |
_cBK _2lcc |
||
| 999 |
_c40730 _d40730 |
||